|
|
|
|
| LEADER |
01266nam a2200265 a 4500 |
| 001 |
GR-Antirio805 |
| 008 |
090525s19972002ne b 001 0 gre d |
| 020 |
|
|
|a 0240516958
|
| 040 |
|
|
|a GrPaTEI
|b gre
|c GR-PaULI
|
| 040 |
|
|
|a GrPaTEI
|b gre
|c GR-PaULI
|
| 040 |
|
|
|a GrPaTEI
|b gre
|c GR-PaULI
|
| 082 |
|
0 |
|a 621.388
|2 21
|
| 100 |
0 |
|
|a Benoit, Herve
|
| 245 |
1 |
0 |
|a Digital television :
|b MPEG-1 , MPEG-2 and principles of the DVB system /
|c Benoit, Herve.
|
| 250 |
|
|
|a 2nd ed.
|
| 260 |
|
|
|a Amsterdam , Boston :
|b Elsevier / Focal Press,
|c 2002
|
| 300 |
|
|
|a x. , 201 σ. :
|b εικ. ;
|c 24 εκ.
|
| 504 |
|
|
|a Περιλαμβάνει βιβλιογραφίες και ευρετήριο.
|
| 650 |
|
0 |
|a DIGITAL TELEVISION
|
| 650 |
|
0 |
|a MPEG (VIDEO CODING STANDARD )
|
| 942 |
|
|
|2 ddc
|
| 952 |
|
|
|0 0
|1 0
|2 ddc
|4 0
|6 621_388000000000000_BEN
|7 0
|9 262244
|a LISK-2
|b LISK-2
|c BSC
|d 2021-01-17
|e 24
|f 0
|g 0.00
|l 0
|o 621.388 BEN
|p 2430000007274
|r 2021-01-17 00:00:00
|t 1
|w 2021-01-17
|y BK15
|x 20090525 0 1
|x GrPaTEI - Antirrio
|
| 952 |
|
|
|0 0
|1 0
|2 ddc
|4 0
|6 621_388000000000000_BEN
|7 0
|9 262245
|a LISK-2
|b LISK-2
|c BSC
|d 2021-01-17
|e 24
|f 0
|g 0.00
|l 0
|o 621.388 BEN
|p 2430000007275
|r 2021-01-17 00:00:00
|t 1
|w 2021-01-17
|y BK15
|x 20090525 0 1
|x GrPaTEI - Antirrio
|
| 971 |
|
|
|a .b25706044
|b 01-10-20
|c 12-09-16
|
| 999 |
|
|
|c 151233
|d 151233
|